| LEADER |
00915nam0a2200217 450 |
| 001 |
16848022 |
| 010 |
|
|
|a 978-2-315-00702-8
|b br.
|d 9,9
|
| 100 |
|
|
|a 20151203d2015 u u0frey01 ba
|
| 101 |
0 |
|
|a fre
|
| 102 |
|
|
|a FR
|
| 200 |
0 |
|
|a Déni climatique (Le)
|f Henri Landes, Thomas Porcher
|
| 207 |
|
1 |
|a
|
| 210 |
|
|
|a Paris
|c Max Milo
|d 2015
|
| 215 |
|
|
|a 1 vol. (84 p.)
|d 20 x 14 cm
|
| 225 |
1 |
|
|a Essais & documents
|
| 330 |
|
|
|a Les auteurs commencent par un état des lieux des négociations climatiques à la veille de la conférence mondiale sur le climat organisée à Paris fin novembre 2015 et présentent les leviers d'action pour sortir de l'impasse du réchauffement climatique.
|
| 700 |
|
0 |
|a Landes
|b Henri
|4 70
|
| 701 |
|
0 |
|a Porcher
|b Thomas
|4 70
|
| 900 |
|
|
|a Documentaire
|
| 901 |
|
|
|a Accessible au prêt
|
| 995 |
|
|
|a Bibliothèque
|c Bibliothèque
|f 00156010031649
|h 00156010031649
|k 363.7 LAN
|o p
|q a
|r az
|e Bibliothèque
|